000 00601nam a2200181Ia 4500
008 151018s9999 xx 000 0 und d
082 _bRBASDV50032
_a891.463
100 _aचंद्रसेन टिळेकर
245 _aरती नीती कथा
250 _b1
260 _bअनुबंध प्रकाशन
_c2007
300 _a215
600 _aचंद्रसेन टिळेकर
630 _aरती नीती कथा
700 _aचंद्रसेन टिळेकर
730 _aरती नीती कथा
942 _cBOOK
999 _c1049017
_d1049014